000 nam a22 a 4500
999 _c342166
_d342166
003 BLK
005 20191009144452.0
008 180911b bul|||||r ||||||| ||bul||
010 _a001804
040 _aBLK
041 _aBUL
_cBUL
080 _z738(497.2)
080 _z94(497.2)
100 _aМиятев, Кръстю Иванов
_eпърви автор
_9352377
139 _aМиятев, Кръстьо Иванов
245 0 0 _aПреславската керамика
_cКръстю Иванов Миятев
260 _aСофия
_c1936
_f(София : Държ. печ.)
300 _a156 с. : с ил., 18 л. ил., 10 л. цв. ил.
_c37 см
380 _a7
490 _aЧастна колекция - Академик Михаил Арнаудов
_gДарение - Основен фонд
490 _aMonumenta artis Bulgariae
_9399915
_vVol. IV
852 _aМА 2964
942 _cKNG
_n0
_s1
944 _aED
_c2019-10-09
999 _d342166